• 首页
  • 本馆介绍
  • 公告通知
  • 最新文献
  • 馆藏检索
  • 电子资源
  • 读者导购
  • 参考咨询
  • 我的图书馆
  • 登录
  • 详细信息显示
  • 放入我的书架
  • 预约/预借图书
  • 作者相关作品
  • 分类相关作品
  • 丛书相关作品
  • 出版社相关作品

书目信息

  • 表格格式
  • 工作单格式
  • 卡片格式
题名:
工业发酵分析
    
 
作者: 吴国峰 , 李国全 , 马永强 主编
分册:  
出版信息: 北京   化学工业出版社  2006
页数: 264页
开本: 26cm
丛书名:
单 册:
中图分类: TQ920.1
科图分类:
主题词: 工业发酵--分析--高等学校--教材
电子资源:
ISBN: 7-5025-8930-9
000 00963nam0 2200289 450
001 012004065281
005 20080225093904.04
009 012004065281
010    @a7-5025-8930-9@dCNY29.50
035    @a(110019)012006078773
100    @a20060828d2006 em y0chiy0110 ea
101 0  @achi
102    @aCN@b110000
105    @ay z 000yy
106    @ar
200 1  @a工业发酵分析@Agong ye fa jiao fen xi@f吴国峰,李国全,马永强主编
210    @a北京@c化学工业出版社@d2006
215    @a264页@d26cm
300    @a高等学校教材
330    @a本书内容涉及工业发酵原料和产品中各类物质成分的分析测定,介绍其测定原理、仪器和试剂、测定方法、计算,并进行讨论。介绍了色谱技术、氨基酸自动分析仪、荧光分光光度法等。
606 0  @a工业发酵@x分析@x高等学校@j教材
690    @aTQ920.1@v4
701  0 @a吴国峰@Awu guo feng@4主编
701  0 @a李国全@Ali guo quan@4主编
701  0 @a马永强@Ama yong qiang@4主编
801  0 @aCN@b110019@c20080225
905    @dTQ920.1@e26@f4
    
    工业发酵分析/吴国峰,李国全,马永强主编.-北京:化学工业出版社,2006
    264页;26cm
    高等学校教材
    
    ISBN 7-5025-8930-9:CNY29.50
    本书内容涉及工业发酵原料和产品中各类物质成分的分析测定,介绍其测定原理、仪器和试剂、测定方法、计算,并进行讨论。介绍了色谱技术、氨基酸自动分析仪、荧光分光光度法等。
●
相关链接 在E读中查询图书 在五车中查询图书 在当当中查询图书 在豆瓣中查询图书


正题名:工业发酵分析     索取号:TQ920.1/26         预约/预借

序号 登录号 条形码 馆藏地/架位号 状态 备注
1 0614557   206145571   第二样本阅览室/ [索取号:TQ920.1/26] 在馆    
2 0614558   206145580   第三借阅区/ [索取号:TQ920.1/26] 在馆    
3 0614559   206145599   第三借阅区/ [索取号:TQ920.1/26] 在馆    
4 0614560   206145606   第三借阅区/ [索取号:TQ920.1/26] 在馆    
唐山师范学院图书馆 欢迎您!
大连网信软件有限公司© 版权所有